| 000 | 01673 a2200253 4500 | ||
|---|---|---|---|
| 003 | Nust | ||
| 005 | 20240601112222.0 | ||
| 010 | _a 98046602 | ||
| 020 | _a9781260011463 | ||
| 040 | _cNust | ||
| 082 | 0 | 0 | _a519.5,SPI |
| 100 | 1 | _aSpiegel, Murray R. | |
| 245 | 1 | 0 |
_aSchaum's outline Statistics / _cMurray R. Spiegel & :arry J. Stephens |
| 250 | _a6th ed. / | ||
| 260 |
_aNew York : _bMcGraw-Hill, _cc2018 |
||
| 300 |
_axvii, 579 p. : _bill. ; _c28 cm. |
||
| 490 | 0 | _aSchaum's outline series | |
| 505 | _aVariables and Graphs Chapter (Page-1), Frequency Distributions (Page-36), The Mean, Median, Mode, and Other Measures of Central Tendency (Page-61), The Standard Deviation and other Measures of Dispersion (Page-95), Moments, Skewness, and Kurtosis (Page-123), Elementary Probability Theory (Page-139), The Binomial, Normal, and Poisson Distributions (Page-172), Elementary Sampling Theory (Page-203), Statistical Estimation Theory (Page-227), Statistical Decision Theory (Page-245), Small Sampling Theory (Page-275) ,The Chi-Square Test (Page-294), Curve Fitting and the Method of Least Squares (Page-316), Correlation Theory (Page-345), Multiple and Partial Correlation (Page-382), Analysis of Variance (Page-403), Nonparametric Tests (Page-446), Statistical Process Control and Process Capability Answers to Supplementary Problems (Page-480). | ||
| 650 | 0 |
_aStatistics _xProblems, exercises, etc. _988327 |
|
| 700 | 1 | _aStephens, Larry J. | |
| 856 | 4 | 2 |
_3Contributor biographical information _uhttp://www.loc.gov/catdir/bios/mh041/98046602.html |
| 856 | 4 | 2 |
_3Publisher description _uhttp://www.loc.gov/catdir/description/mh023/98046602.html |
| 942 |
_2ddc _cBK |
||
| 999 |
_c188873 _d188873 |
||